[Event "GER-ch U12 Girls"]
[Site "Willingen"]
[Date "2021.08.28"]
[Round "8"]
[White "Schuelke, Rosalie"]
[Black "Woiteck, Sophia"]
[Result "1-0"]
[WhiteElo "1423"]
[BlackElo "1293"]
[PlyCount "89"]
[EventDate "2021.08.22"]
[EventType "swiss"]
[EventRounds "9"]
[EventCountry "GER"]
[SourceTitle "EXT 2022"]
[Source "ChessBase"]
[SourceDate "2021.10.06"]
[SourceVersion "1"]
[SourceVersionDate "2021.10.06"]
[SourceQuality "1"]

1. e4 c5 2. Nf3 d6 3. d4 cxd4 4. Qxd4 Nc6 5. Bb5 Bd7 6. Bxc6 Bxc6 7. Nc3 Nf6 8. Bg5 e6 9. 0-0-0 Be7 10. Qd3 Qb6 11. Bxf6 gxf6 12. Nd4 0-0-0 13. f4 e5 14. Nf5 Qc7 15. Nd5 Bxd5 16. Qxd5 exf4 17. Qxf7 Rde8 18. Rhe1 Rhg8 19. Qxh7 Rxg2 20. Nxe7+ Rxe7 21. Qh3+ f5 22. Qxg2 fxe4 23. Qg8+ Qd8 24. Qc4+ Rc7 25. Qxe4 Qg8 26. Qe8+ Qxe8 27. Rxe8+ Kd7 28. Rf8 Ke6 29. Rxf4 Ke5 30. Rf8 Rh7 31. Rh1 d5 32. h4 d4 33. h5 Ke4 34. h6 d3 35. cxd3+ Kxd3 36. Rh3+ Ke2 37. Rg8 Rc7+ 38. Kb1 Kd1 39. Rg1+ Ke2 40. h7 Kf2 41. Rc1 Rxh7 42. Rxh7 Ke2 43. Rh3 Kf2 44. Rc2+ Kg1 45. Rd3 1-0

[Event "GER-ch U12 Girls"]
[Site "Willingen"]
[Date "2021.08.27"]
[Round "7"]
[White "Woiteck, Sophia"]
[Black "Bangiev, Katharina"]
[Result "1-0"]
[WhiteElo "1293"]
[BlackElo "1477"]
[PlyCount "35"]
[EventDate "2021.08.22"]
[EventType "swiss"]
[EventRounds "9"]
[EventCountry "GER"]
[SourceTitle "EXT 2022"]
[Source "ChessBase"]
[SourceDate "2021.10.06"]
[SourceVersion "1"]
[SourceVersionDate "2021.10.06"]
[SourceQuality "1"]

1. d4 d5 2. Bf4 Nf6 3. Nf3 e6 4. e3 Be7 5. Bd3 0-0 6. Nbd2 b6 7. h4 h5 8. Ne5 Bb7 9. g4 g6 10. Rg1 hxg4 11. Nxg4 Nh5 12. Nh6+ Kh8 13. Nxf7+ Rxf7 14. Bxg6 Nxf4 15. Bxf7 Kh7 16. exf4 Qf8 17. Qh5+ Qh6 18. Bg8+ 1-0

[Event "GER-ch U12 Girls"]
[Site "Willingen"]
[Date "2021.08.25"]
[Round "4"]
[White "Terekhin, Maria"]
[Black "Woiteck, Sophia"]
[Result "1/2-1/2"]
[WhiteElo "1030"]
[BlackElo "1293"]
[PlyCount "104"]
[EventDate "2021.08.22"]
[EventType "swiss"]
[EventRounds "9"]
[EventCountry "GER"]
[SourceTitle "EXT 2022"]
[Source "ChessBase"]
[SourceDate "2021.10.06"]
[SourceVersion "1"]
[SourceVersionDate "2021.10.06"]
[SourceQuality "1"]

1. e4 e5 2. Nf3 Nc6 3. Nc3 d6 4. h3 Nge7 5. d4 exd4 6. Nxd4 Nxd4 7. Qxd4 Nc6 8. Bb5 Bd7 9. Bxc6 Bxc6 10. Be3 Qf6 11. 0-0-0 Qxd4 12. Bxd4 0-0-0 13. Rhe1 d5 14. exd5 Bxd5 15. Nxd5 Rxd5 16. Re8+ Kd7 17. Re5 Rxe5 18. Bxe5+ Kc8 19. Rd4 f6 20. Bg3 Bc5 21. Rc4 Bb6 22. b4 Kd7 23. a4 c6 24. a5 Bc7 25. Rd4+ Kc8 26. Bxc7 Kxc7 27. Rc4 Re8 28. Kd2 Re5 29. c3 Rg5 30. g4 Kd6 31. Rd4+ Rd5 32. Ke3 Rxd4 33. Kxd4 b6 34. axb6 axb6 35. c4 c5+ 36. bxc5+ bxc5+ 37. Ke4 Ke6 38. f4 Kd6 39. g5 Ke6 40. h4 f5+ 41. Kd3 h6 42. gxh6 gxh6 43. h5 Kd6 44. Kc3 Kc6 45. Kb3 Kb6 46. Ka4 Ka6 47. Kb3 Ka7 48. Ka4 Ka6 49. Kb3 Kb6 50. Ka4 Ka6 51. Kb3 Ka5 52. Ka3 Kb6 1/2-1/2